Statistics for Genesis albums

Click here to take the quiz!

General Stats

  • This quiz has been taken 694 times
  • The average score is 11 of 15

Answer Stats

HintAnswer% Correct
1983Genesis
87%
1974The Lamb Lies Down on Broadway
87%
1972Foxtrot
84%
1973Selling England by the Pound
84%
1981Abacab
82%
1980Duke
81%
1978...And Then There Were Three...
79%
1971Nursery Cryme
78%
1986Invisible Touch
77%
1970Trespass
70%
1976Wind and Wuthering
70%
1991We Can't Dance
69%
1976A Trick of the Tail
66%
1969From Genesis to Revelation
66%
1997Calling All Stations
57%

Score Distribution

Percentile by Number Answered

Percent of People with Each Score

Your Score History

You have not taken this quiz